[Event "Tata Steel Chess 2017 GM-A"]
[Site "Wijk aan Zee NED"]
[Date "2017.01.14"]
[Round "1.2"]
[White "Adhiban, Baskaran"]
[Black "Van Wely, Loek"]
[Result "1/2-1/2"]
[WhiteElo "2653"]
[BlackElo "2695"]
[PlyCount "121"]
[EventDate "2017.01.14"]
[EventType "tourn"]
[EventRounds "13"]
[EventCountry "NED"]
[EventCategory "21"]
[SourceTitle "Ajedrez en Madrid"]
[Source "lmi"]
[SourceDate "2017.01.14"]

1. e4 c5 2. c3 d5 3. exd5 Qxd5 4. d4 e6 5. Nf3 Nf6 6. Na3 Qd8 7. Nc4 Be7 8. Bd3
Nbd7 9. O-O O-O 10. Bf4 b6 11. Nd6 Nh5 12. Be5 Nxe5 13. dxe5 Bxd6 14. exd6 Bb7
15. Re1 Nf6 16. Ne5 g6 17. Bb5 Qc8 18. Qa4 a6 19. Bf1 b5 20. Qh4 Qd8 21. Rad1
Kg7 22. a4 c4 23. axb5 axb5 24. b3 cxb3 25. Bxb5 Nd5 26. Qd4 Qf6 27. c4 Nf4 28.
Bc6 Bxc6 29. Nxc6 Qxd4 30. Nxd4 b2 31. g3 e5 32. Nb5 Ne6 33. Rb1 Rfc8 34. Rxb2
Rxc4 35. Rxe5 Ra1+ 36. Kg2 Rd1 37. h4 h5 38. Ree2 Rc5 39. Rec2 Re5 40. Nc7 Ree1
41. Rd2 Nd8 42. Nd5 Nc6 43. Ne3 Rg1+ 44. Kf3 Rxd2 45. Rxd2 Kf6 46. Nd5+ Ke6 47.
Nf4+ Kd7 48. Nd3 Nd8 49. Nc5+ Kc6 50. Ne4 Kd7 51. Nc5+ Kc6 52. Ne4 Kd7 53. Ra2
Nc6 54. Rb2 f5 55. Rb7+ Ke6 56. Ng5+ Kxd6 57. Kf4 Rf1 58. Nf7+ Ke6 59. Ng5+ Kd6
60. Nf7+ Ke6 61. Ng5+ 1/2-1/2

[Event "Tata Steel Chess 2017 GM-A"]
[Site "Wijk aan Zee NED"]
[Date "2017.01.14"]
[Round "1.3"]
[White "Eljanov, Pavel"]
[Black "Rapport, Richard"]
[Result "1-0"]
[WhiteElo "2755"]
[BlackElo "2702"]
[PlyCount "81"]
[EventDate "2017.01.14"]
[EventType "tourn"]
[EventRounds "13"]
[EventCountry "NED"]
[EventCategory "21"]
[SourceTitle "Ajedrez en Madrid"]
[Source "lmi"]
[SourceDate "2017.01.14"]

1. Nf3 e6 2. g3 c5 3. Bg2 Nc6 4. c4 g5 5. d3 h6 6. Nc3 Bg7 7. h4 g4 8. Nd2 d6
9. e3 f5 10. Nb3 Nge7 11. d4 b6 12. O-O O-O 13. Qe2 e5 14. Rd1 cxd4 15. Nd5 d3
16. Qxd3 e4 17. Nxe7+ Nxe7 18. Qc2 Ba6 19. Nd4 Qd7 20. b3 Nc6 21. Bb2 Ne5 22.
Ne2 Nd3 23. Bxg7 Qxg7 24. Nd4 Rae8 25. Rxd3 exd3 26. Qxd3 Bb7 27. Bxb7 Qxb7 28.
Ne2 Rf6 29. Nf4 Qe4 30. Qd2 Rc8 31. a4 Rc5 32. Rd1 Qf3 33. Nd5 Rf7 34. Qc2 a6
35. Nxb6 Qe4 36. Qc3 Qe5 37. Rd4 a5 38. Qd3 Rc6 39. Nd5 Kg7 40. Nc3 Rf6 41. Rd5
1-0

[Event "Tata Steel Chess 2017 GM-A"]
[Site "Wijk aan Zee NED"]
[Date "2017.01.14"]
[Round "1.6"]
[White "Wojtaszek, Radoslaw"]
[Black "Nepomniachtchi, Ian"]
[Result "1/2-1/2"]
[WhiteElo "2750"]
[BlackElo "2767"]
[PlyCount "62"]
[EventDate "2017.01.14"]
[EventType "tourn"]
[EventRounds "13"]
[EventCountry "NED"]
[EventCategory "21"]
[SourceTitle "Ajedrez en Madrid"]
[Source "lmi"]
[SourceDate "2017.01.14"]

1. d4 Nf6 2. c4 g6 3. Nc3 d5 4. Bf4 Bg7 5. e3 O-O 6. Rc1 Be6 7. c5 c6 8. Bd3
Bc8 9. Bg3 b6 10. b4 Nh5 11. Bh4 a5 12. cxb6 axb4 13. Na4 Nd7 14. Rxc6 Bb7 15.
Rc1 Bf6 16. Bxf6 Nhxf6 17. Nf3 Nxb6 18. Nc5 Bc8 19. Qb3 Nbd7 20. O-O Qa5 21.
Rc2 Nxc5 22. Rxc5 Qxa2 23. Qxb4 Ra4 24. Qb1 Ba6 25. Qxa2 Rxa2 26. Bxa6 Rxa6 27.
Rc7 e6 28. Ne5 Ne4 29. Rfc1 Ra2 30. f3 Nd6 31. R1c2 Rxc2 1/2-1/2

[Event "Tata Steel Chess 2017 GM-A"]
[Site "Wijk aan Zee NED"]
[Date "2017.01.15"]
[Round "2.2"]
[White "Nepomniachtchi, Ian"]
[Black "Andreikin, Dmitry"]
[Result "1/2-1/2"]
[WhiteElo "2767"]
[BlackElo "2736"]
[PlyCount "41"]
[EventDate "2017.01.14"]
[EventType "tourn"]
[EventRounds "13"]
[EventCountry "NED"]
[EventCategory "21"]
[SourceTitle "Ajedrez en Madrid"]
[Source "lmi"]
[SourceDate "2017.01.14"]

1. e4 e5 2. Nf3 Nc6 3. d4 exd4 4. Nxd4 Bc5 5. Nxc6 Qf6 6. Qf3 dxc6 7. Nc3 Be6
8. a3 O-O-O 9. Be3 Qe5 10. Be2 h5 11. h4 Bg4 12. Qf4 Qxf4 13. Bxf4 Ne7 14. Bc4
Ng6 15. Bg3 Be6 16. Bxe6+ fxe6 17. Ne2 Rhf8 18. Rf1 Be7 19. Rh1 Bc5 20. Rf1 Be7
21. Rh1 1/2-1/2

[Event "Tata Steel Chess 2017 GM-A"]
[Site "Wijk aan Zee NED"]
[Date "2017.01.15"]
[Round "2.4"]
[White "Giri, Anish"]
[Black "So, Wesley"]
[Result "1/2-1/2"]
[WhiteElo "2773"]
[BlackElo "2808"]
[PlyCount "85"]
[EventDate "2017.01.14"]
[EventType "tourn"]
[EventRounds "13"]
[EventCountry "NED"]
[EventCategory "21"]
[SourceTitle "Ajedrez en Madrid"]
[Source "lmi"]
[SourceDate "2017.01.14"]

1. Nf3 d5 2. g3 g6 3. Bg2 Bg7 4. d4 Nf6 5. O-O O-O 6. c4 c6 7. Qb3 Qb6 8. Nc3
Rd8 9. Bd2 Be6 10. Na4 Qxb3 11. axb3 Nbd7 12. Rfc1 Ne4 13. Ba5 b6 14. Be1 Rac8
15. cxd5 Bxd5 16. b4 e5 17. Nxe5 Nxe5 18. dxe5 Bxe5 19. Bxe4 Bxe4 20. Nc3 Bd5
21. Rxa7 Bc4 22. Na4 Bxe2 23. Nxb6 Rc7 24. Ra2 Bd4 25. Na4 Ra7 26. b3 Bb5 27.
Rd2 Rad7 28. Rcd1 Rd6 29. Kg2 Be5 30. Rxd6 Rxd6 31. Rc1 Rd8 32. Nc5 Bb2 33. Rc2
Bd4 34. Bd2 Bxc5 35. bxc5 f6 36. h4 Rd3 37. Rb2 Kf7 38. g4 h5 39. gxh5 gxh5 40.
Be3 Kg6 41. Rb1 Rc3 42. b4 Rc4 43. Kh3 1/2-1/2

[Event "Tata Steel Chess 2017 GM-A"]
[Site "Wijk aan Zee NED"]
[Date "2017.01.15"]
[Round "2.5"]
[White "Rapport, Richard"]
[Black "Karjakin, Sergey"]
[Result "1/2-1/2"]
[WhiteElo "2702"]
[BlackElo "2785"]
[PlyCount "60"]
[EventDate "2017.01.14"]
[EventType "tourn"]
[EventRounds "13"]
[EventCountry "NED"]
[EventCategory "21"]
[SourceTitle "Ajedrez en Madrid"]
[Source "lmi"]
[SourceDate "2017.01.14"]

1. b3 e5 2. Bb2 Nc6 3. e3 Nf6 4. Bb5 Bd6 5. Na3 e4 6. Nc4 Be7 7. Bxc6 bxc6 8.
Ne2 O-O 9. O-O a5 10. d3 a4 11. Ng3 d5 12. Ne5 Qe8 13. dxe4 Nxe4 14. Nd3 Bd6
15. b4 Nxg3 16. hxg3 a3 17. Bd4 Ba6 18. Re1 Bc4 19. Nc5 f6 20. f4 Qg6 21. Kf2
Rfb8 22. c3 Rb5 23. g4 Bxc5 24. Bxc5 Qe4 25. Bd4 Rab8 26. Qf3 h6 27. Kg3 Re8
28. Rad1 Qc2 29. Qf2 Qxf2+ 30. Kxf2 Rbb8 1/2-1/2

[Event "Tata Steel Chess 2017 GM-A"]
[Site "Wijk aan Zee NED"]
[Date "2017.01.15"]
[Round "2.6"]
[White "Van Wely, Loek"]
[Black "Eljanov, Pavel"]
[Result "0-1"]
[WhiteElo "2695"]
[BlackElo "2755"]
[PlyCount "88"]
[EventDate "2017.01.14"]
[EventType "tourn"]
[EventRounds "13"]
[EventCountry "NED"]
[EventCategory "21"]
[SourceTitle "Ajedrez en Madrid"]
[Source "lmi"]
[SourceDate "2017.01.14"]

1. d4 Nf6 2. c4 e6 3. Nf3 b6 4. g3 Bb4+ 5. Bd2 Be7 6. Nc3 Bb7 7. Bg2 c6 8. O-O
d5 9. Bf4 dxc4 10. Ne5 Nd5 11. Nxc4 Nxf4 12. gxf4 Nd7 13. e3 O-O 14. Rc1 Rc8
15. Qb3 Rc7 16. Rfd1 Nf6 17. Ne5 Nd5 18. Ne4 f6 19. Nd3 f5 20. Nd2 Kh8 21. Kh1
c5 22. dxc5 Bxc5 23. Nf3 Qa8 24. Nde5 Nf6 25. Kg1 Bd5 26. Qa4 Bd6 27. Rxc7 Bxc7
28. Ne1 Bxe5 29. fxe5 Ne4 30. Rd4 Rc8 31. Nd3 h6 32. h4 Kh7 33. Nf4 Rc1+ 34.
Kh2 Qd8 35. Nh3 Qxh4 36. Qe8 Rc4 37. Rxd5 exd5 38. Qf7 Qg4 39. e6 Ng5 40. Nxg5+
Qxg5 41. Bh3 Rh4 42. f3 f4 43. exf4 Rxf4 44. Qc7 Rc4 0-1

[Event "Tata Steel Chess 2017 GM-A"]
[Site "Wijk aan Zee NED"]
[Date "2017.01.16"]
[Round "3.1"]
[White "Adhiban, Baskaran"]
[Black "Aronian, Levon"]
[Result "1/2-1/2"]
[WhiteElo "2653"]
[BlackElo "2780"]
[PlyCount "75"]
[EventDate "2017.01.14"]
[EventType "tourn"]
[EventRounds "13"]
[EventCountry "NED"]
[EventCategory "21"]
[SourceTitle "Ajedrez en Madrid"]
[Source "lmi"]
[SourceDate "2017.01.14"]

1. d4 Nf6 2. Nf3 d5 3. Bf4 c5 4. e3 Nc6 5. c3 e6 6. Nbd2 Be7 7. Ne5 Nd7 8. Bd3
O-O 9. Qh5 f5 10. Ndf3 Ndxe5 11. Nxe5 Nxe5 12. Bxe5 Bd6 13. f4 Bxe5 14. fxe5
Bd7 15. O-O Qb6 16. Rf2 Bb5 17. Bxb5 Qxb5 18. Raf1 Qd3 19. Rf3 Rf7 20. g4 Raf8
21. gxf5 g6 22. Qg5 Rxf5 23. Rxf5 exf5 24. Qf4 Qc4 25. a3 Qe2 26. Rf2 Qd1+ 27.
Kg2 cxd4 28. cxd4 Rc8 29. Qf3 Qb3 30. h4 Rc1 31. h5 Re1 32. hxg6 hxg6 33. Re2
Rc1 34. Qg3 Kg7 35. Qg5 Qd1 36. Qe7+ Kh6 37. Qh4+ Kg7 38. Qe7+ 1/2-1/2

[Event "Tata Steel Chess 2017 GM-A"]
[Site "Wijk aan Zee NED"]
[Date "2017.01.16"]
[Round "3.2"]
[White "Eljanov, Pavel"]
[Black "Harikrishna, Pentala"]
[Result "1/2-1/2"]
[WhiteElo "2755"]
[BlackElo "2766"]
[PlyCount "83"]
[EventDate "2017.01.14"]
[EventType "tourn"]
[EventRounds "13"]
[EventCountry "NED"]
[EventCategory "21"]
[SourceTitle "Ajedrez en Madrid"]
[Source "lmi"]
[SourceDate "2017.01.14"]

1. Nf3 Nf6 2. c4 c5 3. Nc3 d5 4. cxd5 Nxd5 5. e3 e6 6. Bc4 Nc6 7. O-O Be7 8.
Qe2 O-O 9. Rd1 Nb6 10. Bb5 Bd7 11. d4 cxd4 12. exd4 Nb4 13. Bxd7 Qxd7 14. Ne5
Qe8 15. a3 N4d5 16. Rd3 f5 17. Bd2 Bf6 18. Re1 Rc8 19. Rg3 Qe7 20. Bh6 Kh8 21.
Bc1 Kg8 22. Bh6 Kh8 23. Bc1 Kg8 24. Rh3 Bxe5 25. Qxe5 Rc6 26. Qe2 Rfc8 27. Bd2
Nxc3 28. bxc3 Nd5 29. a4 Qf7 30. Rg3 Nxc3 31. Rxc3 Rxc3 32. Bxc3 Rxc3 33. h3
Rc6 34. Qe5 Qd7 35. Qb8+ Kf7 36. Qxa7 Ra6 37. Qb8 Rxa4 38. Rb1 b5 39. Rxb5 Ra8
40. Qe5 Rd8 41. Rb6 Qd5 42. Qxd5 1/2-1/2

[Event "Tata Steel Chess 2017 GM-A"]
[Site "Wijk aan Zee NED"]
[Date "2017.01.16"]
[Round "3.3"]
[White "Karjakin, Sergey"]
[Black "Van Wely, Loek"]
[Result "1-0"]
[WhiteElo "2785"]
[BlackElo "2695"]
[PlyCount "99"]
[EventDate "2017.01.14"]
[EventType "tourn"]
[EventRounds "13"]
[EventCountry "NED"]
[EventCategory "21"]
[SourceTitle "Ajedrez en Madrid"]
[Source "lmi"]
[SourceDate "2017.01.14"]

1. e4 d6 2. d4 Nf6 3. Nc3 g6 4. f4 Bg7 5. Bd3 O-O 6. Nf3 Nc6 7. e5 dxe5 8. fxe5
Nd5 9. Nxd5 Qxd5 10. c3 Bg4 11. Qe2 Rad8 12. Be4 Qd7 13. Be3 f6 14. O-O-O fxe5
15. Qc4+ Kh8 16. dxe5 Nxe5 17. Nxe5 Qxd1+ 18. Rxd1 Rxd1+ 19. Kc2 Bxe5 20. Bxg6
Rd6 21. Qxg4 Rxg6 22. Qe4 Bxh2 23. Qxb7 a6 24. a4 Bf4 25. Bd4+ e5 26. Bc5 Re8
27. Qxc7 Rxg2+ 28. Kb1 Rg6 29. Qf7 Ra8 30. b4 Bh6 31. b5 axb5 32. axb5 Rc8 33.
Qd5 Bf8 34. Bxf8 Rxf8 35. Qxe5+ Kg8 36. Kc2 h6 37. c4 Rg5 38. Qe6+ Kg7 39. Kc3
Rf7 40. b6 h5 41. Kb4 h4 42. c5 Rf1 43. Qe4 Rgf5 44. Qxh4 R5f4+ 45. Qxf4 Rxf4+
46. Kb5 Rf1 47. b7 Kf6 48. c6 Rb1+ 49. Ka6 Rc1 50. Kb6 1-0

[Event "Tata Steel Chess 2017 GM-A"]
[Site "Wijk aan Zee NED"]
[Date "2017.01.16"]
[Round "3.4"]
[White "So, Wesley"]
[Black "Rapport, Richard"]
[Result "1-0"]
[WhiteElo "2808"]
[BlackElo "2702"]
[PlyCount "95"]
[EventDate "2017.01.14"]
[EventType "tourn"]
[EventRounds "13"]
[EventCountry "NED"]
[EventCategory "21"]
[SourceTitle "Ajedrez en Madrid"]
[Source "lmi"]
[SourceDate "2017.01.14"]

1. Nf3 Nf6 2. g3 b6 3. d4 Bb7 4. c4 e6 5. Bg2 Be7 6. O-O O-O 7. Nc3 Ne4 8. Bd2
Bf6 9. Rc1 Nxd2 10. Qxd2 d6 11. d5 e5 12. e4 Nd7 13. h4 a5 14. Bh3 Nc5 15. Kg2
Bc8 16. Rh1 Bxh3+ 17. Rxh3 Qd7 18. Nh2 h5 19. f3 g6 20. g4 Kh7 21. Rh1 Rg8 22.
Qd1 Bg7 23. Nf1 Bh6 24. Kf2 Bc1 25. Ng3 Bxb2 26. Nb5 Bc1 27. gxh5 Bf4 28. Nc3
f5 29. hxg6+ Rxg6 30. Nxf5 Rag8 31. Kf1 b5 32. cxb5 Rg2 33. Qb1 Qf7 34. Ne2 Qg6
35. Ne7 Rf2+ 36. Kxf2 Qg2+ 37. Ke1 Rg3 38. Rxg3 Qxh1+ 39. Rg1 Qxf3 40. Nxf4
Qe3+ 41. Ne2 Nd3+ 42. Qxd3 Qxd3 43. Ng8 Qf3 44. h5 Kh8 45. Rg6 Qh1+ 46. Kd2
Qxe4 47. Nf6 Qb4+ 48. Ke3 1-0

[Event "Tata Steel Chess 2017 GM-A"]
[Site "Wijk aan Zee NED"]
[Date "2017.01.17"]
[Round "4.1"]
[White "Aronian, Levon"]
[Black "Nepomniachtchi, Ian"]
[Result "1/2-1/2"]
[WhiteElo "2780"]
[BlackElo "2767"]
[PlyCount "55"]
[EventDate "2017.01.14"]
[EventType "tourn"]
[EventRounds "13"]
[EventCountry "NED"]
[EventCategory "21"]
[SourceTitle "Ajedrez en Madrid"]
[Source "lmi"]
[SourceDate "2017.01.14"]

1. d4 Nf6 2. c4 g6 3. f3 e6 4. Nc3 c5 5. d5 d6 6. e4 Bg7 7. Nge2 exd5 8. cxd5
a6 9. a4 O-O 10. Ng3 Nbd7 11. Be2 Ne8 12. O-O Rb8 13. f4 Nc7 14. e5 dxe5 15. f5
b5 16. d6 Ne8 17. axb5 axb5 18. Nce4 c4 19. Bg5 Nef6 20. Kh1 Bb7 21. Bf3 Bxe4
22. Nxe4 Qb6 23. Qe1 Nxe4 24. Bxe4 Bf6 25. Bh6 Bg7 26. Bg5 Bf6 27. Bh6 Bg7 28.
Bg5 1/2-1/2

[Event "Tata Steel Chess 2017 GM-A"]
[Site "Wijk aan Zee NED"]
[Date "2017.01.17"]
[Round "4.3"]
[White "Giri, Anish"]
[Black "Andreikin, Dmitry"]
[Result "1/2-1/2"]
[WhiteElo "2773"]
[BlackElo "2736"]
[PlyCount "81"]
[EventDate "2017.01.14"]
[EventType "tourn"]
[EventRounds "13"]
[EventCountry "NED"]
[EventCategory "21"]
[SourceTitle "Ajedrez en Madrid"]
[Source "lmi"]
[SourceDate "2017.01.14"]

1. e4 e5 2. Nf3 Nc6 3. d4 exd4 4. Nxd4 Qf6 5. Nf3 Bb4+ 6. c3 Bc5 7. Be2 d6 8.
O-O Nge7 9. b4 Bb6 10. Bg5 Qg6 11. Bh4 Qh6 12. Nbd2 Ng6 13. Bg3 O-O 14. a4 a5
15. Nc4 axb4 16. cxb4 Nf4 17. Nxb6 cxb6 18. Bb5 Bg4 19. Qc1 Bxf3 20. gxf3 g5
21. Bxf4 gxf4 22. Bxc6 Rfc8 23. b5 bxc6 24. bxc6 Ra5 25. Kh1 Rc5 26. Qb2 R8xc6
27. Rg1+ Kf8 28. a5 Qh3 29. axb6 Qxf3+ 30. Rg2 Ra5 31. b7 Rxa1+ 32. Qxa1 Rb6
33. h4 Qb3 34. Kh2 Rxb7 35. Qf6 Qb6 36. f3 Rb8 37. Rd2 Re8 38. Qh6+ Ke7 39. e5
Rg8 40. Qxd6+ Qxd6 41. exd6+ 1/2-1/2

[Event "Tata Steel Chess 2017 GM-A"]
[Site "Wijk aan Zee NED"]
[Date "2017.01.17"]
[Round "4.4"]
[White "Rapport, Richard"]
[Black "Wojtaszek, Radoslaw"]
[Result "1/2-1/2"]
[WhiteElo "2702"]
[BlackElo "2750"]
[PlyCount "103"]
[EventDate "2017.01.14"]
[EventType "tourn"]
[EventRounds "13"]
[EventCountry "NED"]
[EventCategory "21"]
[SourceTitle "Ajedrez en Madrid"]
[Source "lmi"]
[SourceDate "2017.01.14"]

1. e4 c5 2. Nc3 d6 3. Nge2 Nf6 4. g3 Nc6 5. d4 cxd4 6. Nxd4 g6 7. Nde2 b6 8.
Bg2 Bb7 9. Nd5 Bg7 10. c3 Ne5 11. Qa4+ Nfd7 12. Bg5 Nd3+ 13. Kf1 N3c5 14. Qc2
Nf6 15. Bxf6 Bxf6 16. Nxf6+ exf6 17. Nf4 O-O 18. h4 Re8 19. Nd5 Bxd5 20. exd5
f5 21. Rd1 Qf6 22. Qd2 h5 23. Bf3 Re5 24. Kg2 Rae8 25. Qf4 b5 26. a3 Qd8 27.
Rd4 Qb6 28. Rhd1 a5 29. Qh6 Nd7 30. Qg5 Kg7 31. Qd2 Nc5 32. Qc2 R5e7 33. R1d2
Nd7 34. Be2 Nf6 35. Bf1 Ne4 36. Rd1 Qc5 37. Qd3 Rb8 38. Re1 Reb7 39. Qe3 b4 40.
cxb4 axb4 41. a4 Nf6 42. Rc1 Qa7 43. Bb5 Re7 44. Qd2 b3 45. Rd3 Ne4 46. Qe3 Nc5
47. Qd4+ f6 48. Re3 Rbb7 49. Rce1 Re4 50. Rxe4 fxe4 51. f3 Nd3 52. Rxe4 1/2-1/2

[Event "Tata Steel Chess 2017 GM-A"]
[Site "Wijk aan Zee NED"]
[Date "2017.01.17"]
[Round "4.5"]
[White "Van Wely, Loek"]
[Black "So, Wesley"]
[Result "0-1"]
[WhiteElo "2695"]
[BlackElo "2808"]
[PlyCount "86"]
[EventDate "2017.01.14"]
[EventType "tourn"]
[EventRounds "13"]
[EventCountry "NED"]
[EventCategory "21"]
[SourceTitle "Ajedrez en Madrid"]
[Source "lmi"]
[SourceDate "2017.01.14"]

1. Nf3 d5 2. g3 Bg4 3. Bg2 c6 4. c4 e6 5. O-O Nf6 6. d3 Bd6 7. Nc3 O-O 8. Qb3
Qb6 9. cxd5 Qxb3 10. axb3 exd5 11. Be3 a6 12. h3 Bxf3 13. Bxf3 Nbd7 14. d4 Rfe8
15. Kg2 g6 16. Bh6 Ne4 17. Rad1 f5 18. h4 Ndf6 19. e3 a5 20. Rh1 Ra6 21. Ra1
Rea8 22. Nxe4 Nxe4 23. Bxe4 dxe4 24. d5 c5 25. h5 Rb6 26. hxg6 hxg6 27. Bg5 Be5
28. Rad1 Rxb3 29. d6 Rd3 30. d7 Bc7 31. b3 b5 32. Be7 c4 33. bxc4 bxc4 34. Rc1
Rxd7 35. Ba3 Be5 36. Rxc4 a4 37. Rc6 Rd3 38. Bc5 a3 39. Rxg6+ Kf7 40. Rg5 a2
41. Rxf5+ Ke6 42. Rxe5+ Kxe5 43. Bd4+ Rxd4 0-1

[Event "Tata Steel Chess 2017 GM-A"]
[Site "Wijk aan Zee NED"]
[Date "2017.01.17"]
[Round "4.7"]
[White "Adhiban, Baskaran"]
[Black "Eljanov, Pavel"]
[Result "0-1"]
[WhiteElo "2653"]
[BlackElo "2755"]
[PlyCount "112"]
[EventDate "2017.01.14"]
[EventType "tourn"]
[EventRounds "13"]
[EventCountry "NED"]
[EventCategory "21"]
[SourceTitle "Ajedrez en Madrid"]
[Source "lmi"]
[SourceDate "2017.01.14"]

1. d4 Nf6 2. c4 e6 3. Nf3 b6 4. a3 Bb7 5. Nc3 d5 6. Qc2 c5 7. cxd5 Nxd5 8. dxc5
Be7 9. Bd2 O-O 10. Rd1 bxc5 11. e4 Nxc3 12. Bxc3 Qb6 13. Ne5 Rd8 14. Rxd8+ Qxd8
15. Bb5 a6 16. Ba4 Qc7 17. O-O Nc6 18. Nxc6 Bxc6 19. Rd1 Bb5 20. Bb3 h5 21. g3
Qb7 22. Ba2 Bc6 23. Bb1 Qb5 24. Qd2 Rd8 25. Qe1 h4 26. Rxd8+ Bxd8 27. Qd1 Ba5
28. Bxa5 Qxa5 29. gxh4 c4 30. Qe2 c3 31. bxc3 Qxa3 32. Kg2 a5 33. Qc4 Qa4 34.
Qxa4 Bxa4 35. Ba2 Bc2 36. Kf3 e5 37. Ke3 a4 38. Bd5 a3 39. Ba2 Kf8 40. f3 Ke7
41. Kd2 Ba4 42. Kc1 f5 43. exf5 Bc6 44. Kd2 Bxf3 45. c4 Kf6 46. Ke3 Bc6 47. Bb3
Kxf5 48. h3 Ke6 49. Ba2 Kd6 50. Kd3 Kc5 51. Kc3 e4 52. Bb3 Be8 53. Bd1 e3 54.
Be2 Bf7 55. Kb3 Bxc4+ 56. Bxc4 a2 0-1

[Event "Tata Steel Chess 2017 GM-A"]
[Site "Wijk aan Zee NED"]
[Date "2017.01.19"]
[Round "5.1"]
[White "Eljanov, Pavel"]
[Black "Aronian, Levon"]
[Result "0-1"]
[WhiteElo "2755"]
[BlackElo "2780"]
[PlyCount "74"]
[EventDate "2017.01.14"]
[EventType "tourn"]
[EventRounds "13"]
[EventCountry "NED"]
[EventCategory "21"]
[SourceTitle "Ajedrez en Madrid"]
[Source "lmi"]
[SourceDate "2017.01.14"]

1. Nf3 d5 2. g3 Nf6 3. Bg2 e6 4. O-O Be7 5. c4 O-O 6. d4 dxc4 7. Qc2 a6 8. a4
Bd7 9. Qxc4 Bc6 10. Bf4 Bd6 11. Qc1 Bxf4 12. Qxf4 Qd6 13. Qc1 Bd5 14. Nc3 Nc6
15. e3 Nb4 16. Qb1 Qe7 17. a5 c5 18. Nxd5 Nfxd5 19. e4 Nc7 20. dxc5 Qxc5 21. e5
Qe7 22. h4 h6 23. Qe4 Nb5 24. Rfc1 Rad8 25. Rc4 Nc6 26. Qf4 Rd7 27. Ne1 Nbd4
28. Qe3 Rfd8 29. h5 Nf5 30. Qc5 Qg5 31. Bxc6 bxc6 32. Qxc6 Qxh5 33. Qf3 Qg5 34.
b4 Rd2 35. Qf4 Qxf4 36. Rxf4 Rb2 37. Rc1 Nd4 0-1

[Event "Tata Steel Chess 2017 GM-A"]
[Site "Wijk aan Zee NED"]
[Date "2017.01.19"]
[Round "5.2"]
[White "Karjakin, Sergey"]
[Black "Adhiban, Baskaran"]
[Result "0-1"]
[WhiteElo "2785"]
[BlackElo "2653"]
[PlyCount "62"]
[EventDate "2017.01.14"]
[EventType "tourn"]
[EventRounds "13"]
[EventCountry "NED"]
[EventCategory "21"]
[SourceTitle "Ajedrez en Madrid"]
[Source "lmi"]
[SourceDate "2017.01.14"]

1. e4 e6 2. d4 d5 3. Nc3 Nf6 4. e5 Nfd7 5. f4 c5 6. Nf3 Nc6 7. Be3 Be7 8. Qd2
a6 9. a3 O-O 10. dxc5 Nxc5 11. Qf2 Nd7 12. Nd4 Nxd4 13. Bxd4 f6 14. exf6 Bxf6
15. Bxf6 Qxf6 16. g3 g5 17. O-O-O gxf4 18. Kb1 f3 19. g4 Ne5 20. g5 Qg7 21. g6
hxg6 22. Bd3 Bd7 23. Rdg1 Nxd3 24. cxd3 Rf5 25. Rg4 Raf8 26. Rhg1 Be8 27. Nd1
Rh5 28. h4 Re5 29. Ne3 Bb5 30. Rd4 Re4 31. Rxg6 Bxd3+ 0-1

[Event "Tata Steel Chess 2017 GM-A"]
[Site "Wijk aan Zee NED"]
[Date "2017.01.19"]
[Round "5.3"]
[White "So, Wesley"]
[Black "Harikrishna, Pentala"]
[Result "1-0"]
[WhiteElo "2808"]
[BlackElo "2766"]
[PlyCount "95"]
[EventDate "2017.01.14"]
[EventType "tourn"]
[EventRounds "13"]
[EventCountry "NED"]
[EventCategory "21"]
[SourceTitle "Ajedrez en Madrid"]
[Source "lmi"]
[SourceDate "2017.01.14"]

1. Nf3 Nf6 2. g3 g6 3. Bg2 Bg7 4. c4 c5 5. Nc3 d5 6. d4 cxd4 7. Nxd4 dxc4 8.
Qa4+ Nbd7 9. O-O O-O 10. Rd1 Nb6 11. Qa3 Qd6 12. Qxd6 exd6 13. a4 a6 14. Bf4 d5
15. a5 Nbd7 16. Rac1 Rd8 17. Bc7 Re8 18. Bd6 Ne5 19. Bxd5 Nxd5 20. Nxd5 Bg4 21.
Rd2 Red8 22. Nb6 Rxd6 23. Nxa8 Nc6 24. Nf3 Rxd2 25. Nxd2 Bxb2 26. Rxc4 Bxe2 27.
Re4 Bd3 28. Re3 Nb4 29. Nb6 Bd4 30. Re7 Nc6 31. Rxb7 Nxa5 32. Rd7 Nc6 33. Nb3
Bf5 34. Rxd4 Nxd4 35. Nxd4 Bd3 36. Kg2 Kf8 37. Kf3 Ke7 38. Ke3 Bf1 39. Nf3 Kd6
40. Kd4 f6 41. Nd2 Be2 42. Nd5 f5 43. Nc3 Bh5 44. Nc4+ Ke6 45. f4 Kd7 46. Kc5
h6 47. Nd5 Ke6 48. Nc7+ 1-0

[Event "Tata Steel Chess 2017 GM-A"]
[Site "Wijk aan Zee NED"]
[Date "2017.01.19"]
[Round "5.4"]
[White "Wojtaszek, Radoslaw"]
[Black "Van Wely, Loek"]
[Result "1-0"]
[WhiteElo "2750"]
[BlackElo "2695"]
[PlyCount "91"]
[EventDate "2017.01.14"]
[EventType "tourn"]
[EventRounds "13"]
[EventCountry "NED"]
[EventCategory "21"]
[SourceTitle "Ajedrez en Madrid"]
[Source "lmi"]
[SourceDate "2017.01.14"]

1. d4 Nf6 2. c4 g6 3. f3 Bg7 4. e4 d6 5. Ne2 O-O 6. Nbc3 c6 7. Be3 Nbd7 8. Qd2
a6 9. c5 b5 10. cxb6 Nxb6 11. Nf4 a5 12. Be2 Nfd7 13. O-O Ba6 14. Bxa6 Rxa6 15.
Qe2 Qa8 16. Rac1 Rb8 17. Rc2 a4 18. Bf2 Ra5 19. Nd3 e6 20. Nb1 c5 21. dxc5 Nxc5
22. Nxc5 dxc5 23. Rd1 Qc6 24. Qd2 Rba8 25. Na3 h5 26. Qd6 Rc8 27. Qxc6 Rxc6 28.
Rd8+ Kh7 29. Rb8 Ra7 30. Rxc5 Rd6 31. Rc1 Rad7 32. Rf1 Bxb2 33. Nb5 Nc4 34.
Nxd6 Rxd6 35. Rb4 Rc6 36. Rxa4 g5 37. h3 g4 38. hxg4 hxg4 39. fxg4 Ne5 40. Bd4
Bxd4+ 41. Rxd4 Rc2 42. Ra1 Kg6 43. a4 Kg5 44. a5 Kxg4 45. a6 Kg3 46. Ra3+ 1-0

[Event "Tata Steel Chess 2017 GM-A"]
[Site "Wijk aan Zee NED"]
[Date "2017.01.19"]
[Round "5.5"]
[White "Andreikin, Dmitry"]
[Black "Rapport, Richard"]
[Result "1/2-1/2"]
[WhiteElo "2736"]
[BlackElo "2702"]
[PlyCount "109"]
[EventDate "2017.01.14"]
[EventType "tourn"]
[EventRounds "13"]
[EventCountry "NED"]
[EventCategory "21"]
[SourceTitle "Ajedrez en Madrid"]
[Source "lmi"]
[SourceDate "2017.01.14"]

1. e4 e5 2. Nf3 Nc6 3. Bc4 Nf6 4. d3 Be7 5. O-O O-O 6. Nc3 d6 7. a3 Be6 8. Nd5
Qd7 9. Bg5 Bxd5 10. exd5 Nd4 11. Nxd4 exd4 12. Qf3 Rae8 13. Rae1 Bd8 14. h3 Qa4
15. Qd1 Qd7 16. Bd2 h6 17. b4 Re5 18. Qa1 Nxd5 19. Qxd4 Rxe1 20. Rxe1 Nb6 21.
Bb3 Re8 22. Rxe8+ Qxe8 23. Qe4 Qxe4 24. dxe4 Nd7 25. g3 b5 26. a4 Ne5 27. Kf1
bxa4 28. Bxa4 Nc4 29. Be1 c5 30. Ke2 cxb4 31. Bb3 Nb6 32. Bxb4 Bc7 33. f4 Nd7
34. Kd3 g5 35. Kd4 a5 36. Bd2 Bb6+ 37. Kc4 Nf6 38. e5 Ne4 39. Be1 gxf4 40. gxf4
dxe5 41. fxe5 Ng5 42. Bd2 Kg7 43. h4 Nf3 44. Bc3 Kg6 45. h5+ Kf5 46. Kb5 Bc7
47. Bxf7 Bxe5 48. Bg6+ Kg5 49. Bxa5 Nd4+ 50. Kc4 Nxc2 51. Kd3 Nd4 52. Ke4 Kf6
53. Kd5 Kg7 54. Bc3 Bf6 55. Bxd4 1/2-1/2